| 000 | 01168nam a2200265Ia 4500 | ||
|---|---|---|---|
| 999 |
_c51110 _d51110 |
||
| 001 | 18067 | ||
| 003 | GE_BSU | ||
| 005 | 20200512220546.0 | ||
| 008 | 181216s1978||||ge |||||||||||||| ||geo|| | ||
| 040 | _cGE_BSU | ||
| 041 | _ageo | ||
| 080 | _a811.353.1 + 811.361 ძ-63 | ||
| 100 |
_aძიძიგური, შოთა _98039 |
||
| 245 |
_aბასკები და ქართველები / _cშოთა ძიძიგური ; რედ. ნ. მამისაშვილი ; მხატვ. რ. მახარაძე. |
||
| 264 |
_aთბილისი : _bსაბჭ. საქართველო, _c1978. |
||
| 300 |
_a207გვ. ; _c20 სმ. |
||
| 541 | _h3ლ.40თ. | ||
| 653 | _aბასკები და ქართველები | ||
| 653 | _aქართული ენა | ||
| 653 | _aბასკური ენა | ||
| 653 | _aქართულ-ბასკური ურთიერთობები | ||
| 700 |
_aმამისაშვილი, ნ. _eრედაქტორი _93802 |
||
| 700 |
_aმახარაძე, რ. _eმხატვარი _94900 |
||
| 942 |
_cBK _2udc |
||